| 000 | 00502nam a2200193Ia 4500 | ||
|---|---|---|---|
| 003 | GCL | ||
| 008 | 140319s9999 xx 000 0 eng d | ||
| 040 |
_aGCL / _cGCL |
||
| 082 | 0 | 4 |
_a113 _bT P |
| 100 | 1 | _aTRUSTED, JENNIFER | |
| 245 | 1 | 0 |
_aPHYSICS AND METAPHYSICS: THEORIS OF SPACE AND TIME / _cTRUSTED, JENNIFER |
| 260 |
_a[S.N] : _bROUTLEDGE ، _c1991 |
||
| 300 | _a210 P | ||
| 650 | 0 | 4 | _aMETAPHYSICS |
| 650 | 0 | 4 | _aPHILOSOPHY |
| 650 | 0 | 4 | _aHISTORY |
| 650 | 0 | 4 | _aSPACE AND TIME |
| 942 |
_2ddc _cBK |
||
| 999 |
_c24090 _d24090 |
||